000 00353nam a2200133Ia 4500
005 20260328101444.0
008 260328s9999||||xx |||||||||||||| ||und||
100 _aBurckhardt, Titus
245 0 _aArt of Islam :
_b Language and meaning /
_cTitus Burckhardt
260 _bWorld Wisdom
300 _a204 p.
650 _aARQUITECTURA ISLÁMICA
942 _cBK
999 _c8398
_d8398